00275nam a2200109 a 4500001000500000005001700005008004100022050001800063100002000081245002700101260003700128414420140414131901.0090317s19uu xx 00 eng d aFICbC58 1998 aCleary, Beverly aRamona and her father. aNew York :bScholastic ,c1998.